| 000 | nam a22 a 4500 | ||
|---|---|---|---|
| 999 |
_c414631 _d414631 |
||
| 003 | BLK | ||
| 005 | 20210518071231.0 | ||
| 008 | 210514b bu |||||r|||| 00| | bu d | ||
| 040 | _aBLK | ||
| 041 |
_aRUS _cRUS |
||
| 080 |
_b615.33 _z615.33 |
||
| 100 |
_91299 _aКашкин, Павел Николаевич _eпърви автор |
||
| 139 | _aКашкин, Павел Николаевич | ||
| 245 |
_aАнтибиотики и их практическое использование _cП.Н. Кашкин |
||
| 260 |
_9450579 _aЛенинград _bМедгиз, Ленингр. отд-ние _c1952 |
||
| 300 |
_a251 с. _bс ил. _c23 см |
||
| 380 | _a61 | ||
| 504 | _aБиблиогр.: с. 228-30 | ||
| 650 | 7 |
_9147219 _aАнтибиотици - приложение |
|
| 852 |
_aЦб 6.225.39825 _bО |
||
| 942 |
_cKNG _n0 _s1 |
||
| 944 |
_aCR _c2021-05-18 _kК.Д. |
||